Prof. G Ram Reddy Library

Illustrated practical home (Record no. 69183)

MARC details
000 -LEADER
fixed length control field 00589nam a2200193Ia 4500
003 - CONTROL NUMBER IDENTIFIER
control field LDD
008 - FIXED-LENGTH DATA ELEMENTS--GENERAL INFORMATION
fixed length control field 181029s9999 xx 000 0 und d
020 ## - INTERNATIONAL STANDARD BOOK NUMBER
International Standard Book Number 754800865
Terms of availability P 20.00
040 ## - CATALOGING SOURCE
Transcribing agency LDD
100 ## - MAIN ENTRY--PERSONAL NAME
Personal name Malone, Margaret
245 #0 - TITLE STATEMENT
Title Illustrated practical home
Remainder of title encyclopedia 1001 step by step hints, tips and house
Statement of responsibility, etc. Margaret Malone
260 ## - PUBLICATION, DISTRIBUTION, ETC.
Place of publication, distribution, etc. London
Name of publisher, distributor, etc. Anness Publishing
Date of publication, distribution, etc. 1999
300 ## - PHYSICAL DESCRIPTION
Extent 512p.
365 ## - TRADE PRICE
Price amount P 20.00
901 ## - LOCAL DATA ELEMENT A, LDA (RLIN)
a 2480
b 19-03-2002
902 ## - LOCAL DATA ELEMENT B, LDB (RLIN)
a 695
b 20-03-2002
c F
d US
e 0
903 ## - LOCAL DATA ELEMENT C, LDC (RLIN)
a Discount-10
b Reqst by : Neela Jagannthan
942 ## - ADDED ENTRY ELEMENTS (KOHA)
Source of classification or shelving scheme Dewey Decimal Classification
Koha item type Books
Holdings
Withdrawn status Lost status Source of classification or shelving scheme Damaged status Not for loan Home library Current library Total Checkouts Full call number Barcode Date last seen Cost, replacement price Price effective from Koha item type
No   Dewey Decimal Classification     Library and Documentation Division Library and Documentation Division   747.03 Il6 052511 11/01/2018 1401.00 11/01/2018 Books

© Prof. G Ram Reddy Centre Library, Indira Gandhi National Open University, Maidan Garhi, New Delhi, 110068
+91-011-29532797 | FAX+91-011-29533393 |